Hướng dẫn giải bài tập hàm biến phức
Hường dẫn giải bài tập hàm biến phức về các dạng hàm chỉnh hình, ánh xạ bảo giác, thăng dư và ứng dụng
Spremljeno u:
| Glavni autor: | |
|---|---|
| Format: | Knjiga |
| Jezik: | Undetermined |
| Izdano: |
Hà Nội
Đại học Quốc gia Hà Nội
2005
|
| Teme: | |
| Oznake: |
Dodaj oznaku
Bez oznaka, Budi prvi tko označuje ovaj zapis!
|
| Thư viện lưu trữ: | Trung tâm Học liệu Trường Đại học Cần Thơ |
|---|
| LEADER | 00857nam a2200241Ia 4500 | ||
|---|---|---|---|
| 001 | CTU_114476 | ||
| 008 | 210402s9999 xx 000 0 und d | ||
| 020 | |c 17600 | ||
| 082 | |a 515.9 | ||
| 082 | |b Th107 | ||
| 100 | |a Nguyễn, Thuỷ Thanh | ||
| 245 | 0 | |a Hướng dẫn giải bài tập hàm biến phức | |
| 245 | 0 | |c Nguyễn Thuỷ Thanh | |
| 260 | |a Hà Nội | ||
| 260 | |b Đại học Quốc gia Hà Nội | ||
| 260 | |c 2005 | ||
| 520 | |a Hường dẫn giải bài tập hàm biến phức về các dạng hàm chỉnh hình, ánh xạ bảo giác, thăng dư và ứng dụng | ||
| 526 | |a Hàm phức | ||
| 526 | |b SP115 | ||
| 650 | |a Functions of complex variables | ||
| 650 | |x Study and teaching | ||
| 904 | |i M.Loan | ||
| 980 | |a Trung tâm Học liệu Trường Đại học Cần Thơ | ||